Construction materials and processes (Record no. 79778)

MARC details
000 -LEADER
fixed length control field 01789nam a2200277 a 4500
008 - FIXED-LENGTH DATA ELEMENTS--GENERAL INFORMATION
fixed length control field 120416s1978 ||||||||||||||||| || u
020 ## - INTERNATIONAL STANDARD BOOK NUMBER
International Standard Book Number 0070684715
050 ## - LIBRARY OF CONGRESS CALL NUMBER
Classification number TA 403 Wat
100 ## - MAIN ENTRY--PERSONAL NAME
Personal name Watson, Don A. (Don Arthur), 1913-
245 10 - TITLE STATEMENT
Title Construction materials and processes
250 ## - EDITION STATEMENT
Edition statement 2nd ed.
260 ## - PUBLICATION, DISTRIBUTION, ETC.
Place of publication, distribution, etc. New York:
Name of publisher, distributor, etc. McGraw-Hill
Date of publication, distribution, etc. 1978
300 ## - PHYSICAL DESCRIPTION
Extent ix, 468 p.: ill.
350 ## -
-- 0.00
500 ## - GENERAL NOTE
General note Includes bibliographies and index.
650 ## - SUBJECT ADDED ENTRY--TOPICAL TERM
Topical term or geographic name entry element BUILDING
650 ## - SUBJECT ADDED ENTRY--TOPICAL TERM
Topical term or geographic name entry element BUILDING MATERIALS
995 ## -
-- ANNEX COLLECTION (Main Library)
-- 0.00
-- 719314
-- CBU-MAIN LIBRARY (Kitwe)
-- 8
-- 36.25
-- TA 403 Wat
-- 7
-- AVAILABLE
-- 014177
-- Annex Low-Usage Collection
995 ## -
-- ANNEX COLLECTION (Main Library)
-- 0.00
-- 719315
-- CBU-MAIN LIBRARY (Kitwe)
-- 6
-- 36.25
-- TA 403 Wat
-- 5
-- AVAILABLE
-- 014175
-- Annex Low-Usage Collection
995 ## -
-- ANNEX COLLECTION (Main Library)
-- 0.00
-- 714013
-- CBU-MAIN LIBRARY (Kitwe)
-- 2
-- 36.25
-- TA 403 Wat
-- 6
-- AVAILABLE
-- 014176
-- Annex Low-Usage Collection
995 ## -
-- ANNEX COLLECTION (Main Library)
-- 0.00
-- 719313
-- CBU-MAIN LIBRARY (Kitwe)
-- 5
-- 36.25
-- TA 403 Wat
-- 3
-- AVAILABLE
-- 014173
-- Annex Low-Usage Collection
995 ## -
-- ANNEX COLLECTION (Main Library)
-- 0.00
-- 714015
-- CBU-MAIN LIBRARY (Kitwe)
-- 1
-- 36.25
-- TA 403 Wat
-- 1
-- AVAILABLE
-- 014171
-- Annex Low-Usage Collection
995 ## -
-- ANNEX COLLECTION (Main Library)
-- 0.00
-- 719312
-- CBU-MAIN LIBRARY (Kitwe)
-- 3
-- 36.25
-- TA 403 Wat
-- 2
-- AVAILABLE
-- 014172
-- Annex Low-Usage Collection
995 ## -
-- ANNEX COLLECTION (Main Library)
-- 0.00
-- 714014
-- CBU-MAIN LIBRARY (Kitwe)
-- 4
-- 36.25
-- TA 403 Wat
-- 4
-- AVAILABLE
-- 014174
-- Annex Low-Usage Collection
995 ## -
-- ANNEX COLLECTION (Main Library)
-- 0.00
-- 719316
-- CBU-MAIN LIBRARY (Kitwe)
-- 7
-- 36.25
-- TA 403 Wat
-- 8
-- AVAILABLE
-- 014178
-- Annex Low-Usage Collection
999 ## -
-- 79778
-- 79778
Holdings
Withdrawn status Lost status Source of classification or shelving scheme Damaged status Not for loan Permanent Location Current Location Shelving location Date acquired Total Checkouts Full call number Barcode Date last seen Copy number Price effective from Koha item type
          CBU-MAIN LIBRARY, KITWE. CBU-MAIN LIBRARY, KITWE.   06/29/2023   TA 403 Wat 014177 06/29/2023 1 06/29/2023 MONOGRAPH
          CBU-MAIN LIBRARY, KITWE. CBU-MAIN LIBRARY, KITWE.   06/29/2023   TA 403 Wat 014175 06/29/2023 2 06/29/2023 MONOGRAPH
          CBU-MAIN LIBRARY, KITWE. CBU-MAIN LIBRARY, KITWE.   06/29/2023   TA 403 Wat 014176 06/29/2023 3 06/29/2023 MONOGRAPH
          CBU-MAIN LIBRARY, KITWE. CBU-MAIN LIBRARY, KITWE.   06/29/2023   TA 403 Wat 014173 06/29/2023 4 06/29/2023 MONOGRAPH
          CBU-MAIN LIBRARY, KITWE. CBU-MAIN LIBRARY, KITWE.   06/29/2023   TA 403 Wat 014171 06/29/2023 5 06/29/2023 MONOGRAPH
          CBU-MAIN LIBRARY, KITWE. CBU-MAIN LIBRARY, KITWE.   06/29/2023   TA 403 Wat 014172 06/29/2023 6 06/29/2023 MONOGRAPH
          CBU-MAIN LIBRARY, KITWE. CBU-MAIN LIBRARY, KITWE.   06/29/2023   TA 403 Wat 014174 06/29/2023 7 06/29/2023 MONOGRAPH
          CBU-MAIN LIBRARY, KITWE. CBU-MAIN LIBRARY, KITWE.   06/29/2023   TA 403 Wat 014178 06/29/2023 8 06/29/2023 MONOGRAPH